000 00354nam a2200145Ia 4500
008 230711s9999||||xx |||||||||||||| ||und||
041 _aENG
082 _a720
_bME-E
100 _aMeiss,Pierre Von
245 0 _aElements of Architecture
250 _a1st Ed.
260 _c1990
_aNew York
_bVan Nostrand Reinhold Co.
650 _aArchitecture
942 _cBK
999 _c402
_d402